[Event "Avoine op 33rd"]
[Site "Avoine"]
[Date "2018.07.22"]
[Round "2"]
[White "Daeschler, Florian"]
[Black "De Coninck, Erik"]
[Result "1-0"]
[WhiteElo "2228"]
[BlackElo "1988"]
[PlyCount "101"]
[EventDate "2018.07.21"]
[EventType "swiss"]
[EventRounds "9"]
[EventCountry "FRA"]
[SourceTitle "CBM 185 Extra"]
[Source "ChessBase"]
[SourceDate "2018.07.29"]
[SourceVersion "1"]
[SourceVersionDate "2018.07.29"]
[SourceQuality "1"]

1. d4 e6 2. c4 f5 3. g3 Nf6 4. Bg2 Be7 5. Nf3 0-0 6. 0-0 d6 7. Nc3 Ne4 8. Nxe4 fxe4 9. Nd2 d5 10. f3 Nc6 11. fxe4 Rxf1+ 12. Nxf1 dxc4 13. Be3 Bd7 14. Rc1 b5 15. Nd2 Rb8 16. Nf3 a5 17. d5 Nb4 18. Ne5 Bf6 19. Nxd7 Qxd7 20. Bh3 Kh8 21. Bxe6 Qd6 22. Qd2 Nxa2 23. Rf1 c3 24. bxc3 Nxc3 25. Qd3 b4 26. Rxf6 gxf6 27. Bd4 Rf8 28. Qf3 Qe7 29. Qe3 Nb5 30. Bc5 Nd6 31. e5 fxe5 32. Qxe5+ Qg7 33. Bd4 Ne8 34. Qe3 Nf6 35. g4 h6 36. h4 a4 37. g5 a3 38. Qf4 b3 39. d6 b2 40. Ba2 hxg5 41. hxg5 cxd6 42. Bxf6 Rxf6 43. Qxf6 Qxf6 44. gxf6 Kh7 45. Kf2 Kg6 46. f7 b1Q 47. f8N+ Kg7 48. Bxb1 Kxf8 49. Ke3 Ke7 50. Kd4 Ke6 51. Kc3 1-0

[Event "Helsingor Xtracon op"]
[Site "Helsingor"]
[Date "2017.07.26"]
[Round "6"]
[White "Olsen, Filip Boe"]
[Black "De Coninck, Erik"]
[Result "1-0"]
[WhiteElo "2189"]
[BlackElo "2032"]
[PlyCount "111"]
[EventDate "2017.07.22"]
[EventType "swiss"]
[EventRounds "10"]
[EventCountry "DEN"]
[SourceTitle "CBM 179 Extra"]
[Source "ChessBase"]
[SourceDate "2017.08.23"]
[SourceVersion "1"]
[SourceVersionDate "2017.08.23"]
[SourceQuality "1"]

1. d4 e6 2. Nf3 f5 3. g3 Nf6 4. Bg2 Be7 5. 0-0 0-0 6. c4 d6 7. Nc3 Ne4 8. Qc2 Nxc3 9. Qxc3 a5 10. Qc2 Nc6 11. Rd1 Qe8 12. d5 Nb4 13. Qd2 e5 14. a3 Na6 15. Qxa5 Qh5 16. Qe1 f4 17. Nd2 Bg4 18. f3 fxg3 19. hxg3 Bd7 20. Ne4 Ba4 21. Rd3 Bc2 22. Re3 Bxe4 23. Rxe4 Nc5 24. Re3 Bg5 25. Rc3 Bf6 26. e4 Bg5 27. b4 Nd7 28. c5 Rf7 29. Be3 Bxe3+ 30. Qxe3 Nf6 31. Qe1 g5 32. cxd6 cxd6 33. Rac1 Kg7 34. Qe3 Qg6 35. Rc7 Raf8 36. a4 Nh5 37. Bh3 Nxg3 38. Be6 Rxc7 39. Rxc7+ Kh6 40. Qf2 Nh5 41. Bf5 Rxf5 42. exf5 Qxf5 43. Qc2 Qxc2 44. Rxc2 Nf4 45. a5 Nxd5 46. b5 Kg6 47. a6 bxa6 48. bxa6 Nb4 49. Rd2 Nxa6 50. Rxd6+ Kf5 51. Rxa6 h5 52. Kf2 h4 53. Ra4 Kg6 54. Kg2 Kf6 55. Kh3 Kf5 56. Rb4 1-0

[Event "BEL-ch U16"]
[Site "Blankenberge"]
[Date "2015.04.15"]
[Round "5"]
[White "Huygebaert, Batist"]
[Black "De Coninck, Erik"]
[Result "0-1"]
[WhiteElo "1685"]
[BlackElo "1780"]
[PlyCount "148"]
[EventDate "2015.04.12"]
[EventType "swiss"]
[EventRounds "9"]
[EventCountry "BEL"]
[SourceTitle "CBM 166 Extra"]
[Source "ChessBase"]
[SourceDate "2015.06.18"]
[SourceVersion "1"]
[SourceVersionDate "2015.06.18"]
[SourceQuality "1"]

1. e4 c5 2. c3 Nf6 3. e5 Nd5 4. d4 cxd4 5. cxd4 e6 6. Nc3 Nxc3 7. bxc3 Qc7 8. Bd2 d6 9. f4 Be7 10. Nf3 0-0 11. Bd3 b6 12. 0-0 Ba6 13. Bxa6 Nxa6 14. Qe2 Qb7 15. Qd3 Rad8 16. Rae1 Nc7 17. Qb1 Qc6 18. exd6 Qxd6 19. Ne5 Nd5 20. Rf3 Bf6 21. Rh3 g6 22. Qd3 Bg7 23. Qg3 Ne7 24. Qh4 h6 25. Qf2 Qd5 26. Bc1 Qa5 27. Rf1 Rc8 28. Qb2 Nd5 29. Bd2 Ne7 30. Qb3 Qa6 31. Bc1 Qb7 32. Re1 Qd5 33. Qb2 b5 34. a3 a6 35. Qb4 Rc7 36. Qb2 Rfc8 37. Bd2 Nf5 38. Ra1 Nxd4 39. cxd4 Rc2 40. Qb4 Bxe5 41. fxe5 R8c4 42. Qe7 Qxd4+ 43. Re3 Qxa1+ 44. Re1 Qd4+ 45. Be3 Qh4 46. Qe8+ Kg7 47. Rf1 Rc7 48. Bb6 Qe7 49. Qa8 Rd7 50. Be3 g5 51. Qf3 Rd3 52. Qe4 Rcc3 53. Bc1 Qc7 54. Bb2 Rb3 55. Bc1 Rdc3 56. Bd2 Rc4 57. Qe1 Rxa3 58. Bb4 Rd3 59. Bd6 Qa7+ 60. Kh1 a5 61. Qe2 Rdc3 62. Qd2 a4 63. Bb4 Rc2 64. Qd6 Rc8 65. Qd1 Rc1 66. Qe2 Rxf1+ 67. Qxf1 Qc7 68. Qf6+ Kg8 69. g3 Qb7+ 70. Kg1 Rc1+ 71. Kf2 Rc2+ 72. Ke3 Qg2 73. Qd8+ Kh7 74. Qd3+ Kg7 0-1

[Event "EU Union-ch U15 12th"]
[Site "Mureck"]
[Date "2014.07.30"]
[Round "1"]
[White "Maetzkow, Maximilian Paul"]
[Black "De Coninck, Erik"]
[Result "1-0"]
[WhiteElo "1861"]
[BlackElo "1628"]
[PlyCount "73"]
[EventDate "2014.07.30"]
[EventType "swiss"]
[EventRounds "9"]
[EventCountry "AUT"]
[SourceTitle "CBM 161 Extra"]
[Source "ChessBase"]
[SourceDate "2014.08.29"]
[SourceVersion "1"]
[SourceVersionDate "2014.08.29"]
[SourceQuality "1"]

1. d4 Nf6 2. c4 c5 3. d5 d6 4. Nc3 g6 5. e4 Bg7 6. f3 Nbd7 7. Be3 a6 8. Qd2 h6 9. Nh3 Ne5 10. Nf2 Qc7 11. Be2 Bd7 12. h3 g5 13. Ng4 Nh5 14. 0-0 Ng3 15. Rfd1 Nxe2+ 16. Qxe2 Ng6 17. Nf2 Qa5 18. Bd2 Qb6 19. Nd3 0-0 20. Kh1 f5 21. Rab1 f4 22. b4 cxb4 23. Rxb4 Qc7 24. Rdb1 Bc8 25. Qf2 a5 26. Nb5 Qd8 27. R4b3 Bd7 28. a4 b6 29. Bc3 Bxb5 30. Bxg7 Bxa4 31. Bxf8 Bxb3 32. Bxh6 Bxc4 33. Qd4 Ne5 34. Nxe5 dxe5 35. Qxc4 e6 36. Qc6 Qe8 37. Qb7 1-0

[Event "Maastricht Limburg op-C 8th"]
[Site "Maastricht"]
[Date "2014.06.08"]
[Round "5"]
[White "De Coninck, Erik"]
[Black "Katranova, Alicia"]
[Result "0-1"]
[WhiteElo "1628"]
[BlackElo "1289"]
[PlyCount "80"]
[EventDate "2014.06.06"]
[EventType "swiss"]
[EventRounds "7"]
[EventCountry "NED"]
[SourceTitle "EXT 2015"]
[Source "ChessBase"]
[SourceDate "2014.11.20"]
[SourceVersion "1"]
[SourceVersionDate "2014.11.20"]
[SourceQuality "1"]

1. Nf3 d5 2. c4 e6 3. cxd5 exd5 4. g3 Nf6 5. Bg2 c6 6. 0-0 Nbd7 7. Nc3 Be7 8. d3 0-0 9. a3 Re8 10. b4 Bd6 11. Bb2 Ne5 12. Qb3 Nxf3+ 13. Bxf3 Bh3 14. Rfe1 Qd7 15. b5 Qf5 16. bxc6 bxc6 17. Qd1 Qg5 18. Bc1 Qg6 19. e4 d4 20. Ne2 Be5 21. Nf4 Bxf4 22. Bxf4 Rac8 23. Rc1 Ng4 24. Rc5 f6 25. Qb3+ Kh8 26. Qa4 Ne5 27. Bxe5 fxe5 28. Rec1 Re6 29. Qxa7 Rf6 30. Be2 Rcf8 31. Qe7 Rxf2 32. Rxc6 Qf7 33. Qxf7 R8xf7 34. Rb6 h6 35. Rb2 Rg2+ 36. Kh1 Rff2 37. Rb8+ Kh7 38. Bf1 Rxh2+ 39. Kg1 Bxf1 40. Rxf1 Rfg2# 0-1

[Event "BEL-ch U14"]
[Site "Blankenberge"]
[Date "2014.04.14"]
[Round "2"]
[White "De Coninck, Erik"]
[Black "Schelleman, Iris"]
[Result "1/2-1/2"]
[WhiteElo "1637"]
[BlackElo "1393"]
[PlyCount "93"]
[EventDate "2014.04.??"]
[EventType "swiss"]
[EventRounds "9"]
[EventCountry "BEL"]
[SourceTitle "EXT 2015"]
[Source "ChessBase"]
[SourceDate "2014.11.20"]
[SourceVersion "1"]
[SourceVersionDate "2014.11.20"]
[SourceQuality "1"]

1. d4 Nf6 2. Nf3 c6 3. c4 d5 4. Nc3 Bf5 5. Qb3 Qb6 6. Qxb6 axb6 7. cxd5 cxd5 8. Bg5 e6 9. e3 Nc6 10. Bb5 Bd6 11. 0-0 0-0 12. Na4 Ra5 13. Bxc6 bxc6 14. Nxb6 Ra6 15. Bxf6 Rxb6 16. Be5 Bxe5 17. Nxe5 Rxb2 18. Nxc6 Ra8 19. Ne7+ Kf8 20. Nxf5 exf5 21. a4 Rb4 22. g3 Rbxa4 23. Rxa4 Rxa4 24. Rc1 Ra8 25. Rc7 Rd8 26. Kg2 g5 27. Kf3 Kg7 28. Rc6 f6 29. Rc5 h6 30. h4 h5 31. hxg5 fxg5 32. Rc6 Rd7 33. Re6 Rd8 34. Re7+ Kg6 35. Rc7 Rd6 36. Rc8 Kg7 37. Re8 Rd7 38. Re6 Rd8 39. Kg2 g4 40. f3 Rd7 41. fxg4 hxg4 42. Kf2 Kf7 43. Rh6 Kg7 44. Rb6 Rd8 45. Ke2 Kf7 46. Rb5 Kf6 47. Kd3 1/2-1/2

[Event "EU Union-ch U13 11th"]
[Site "Mureck"]
[Date "2013.08.07"]
[Round "8"]
[White "Muha, Miljenko"]
[Black "De Coninck, Erik"]
[Result "1-0"]
[WhiteElo "1862"]
[BlackElo "1623"]
[PlyCount "63"]
[EventDate "2013.07.31"]
[EventType "swiss"]
[EventRounds "9"]
[EventCountry "AUT"]
[SourceTitle "CBM 155 Extra"]
[Source "ChessBase"]
[SourceDate "2013.08.26"]
[SourceVersion "1"]
[SourceVersionDate "2013.08.26"]
[SourceQuality "1"]

1. d4 d6 2. e4 Nf6 3. f3 Nc6 4. Ne2 e5 5. d5 Ne7 6. Bg5 Ng6 7. c4 Be7 8. Be3 c6 9. Nbc3 c5 10. Qd2 Bd7 11. 0-0-0 a6 12. f4 b5 13. g3 b4 14. Nb1 exf4 15. Nxf4 Nxe4 16. Qc2 Nf6 17. Bd3 Ng4 18. Bg1 Nxf4 19. gxf4 Nf6 20. Be3 Bc8 21. Rhg1 g6 22. Rde1 Kd7 23. f5 Kc7 24. fxg6 fxg6 25. Nd2 a5 26. Nf3 Ng4 27. Bd2 Rf8 28. Rgf1 Bf5 29. h3 Bxd3 30. Qxd3 Nf6 31. Ng5 h6 32. Ne6+ 1-0

[Event "EU Union-ch U13 11th"]
[Site "Mureck"]
[Date "2013.08.04"]
[Round "5"]
[White "Meglic, Jaka"]
[Black "De Coninck, Erik"]
[Result "0-1"]
[WhiteElo "1584"]
[BlackElo "1623"]
[PlyCount "190"]
[EventDate "2013.07.31"]
[EventType "swiss"]
[EventRounds "9"]
[EventCountry "AUT"]
[SourceTitle "CBM 155 Extra"]
[Source "ChessBase"]
[SourceDate "2013.08.26"]
[SourceVersion "1"]
[SourceVersionDate "2013.08.26"]
[SourceQuality "1"]

1. e4 c6 2. d4 d5 3. Nc3 g6 4. Nf3 Bg7 5. h3 f6 6. Bf4 a6 7. Qd2 e6 8. Bg3 Nh6 9. Bd3 Nf7 10. exd5 cxd5 11. 0-0 0-0 12. Rfe1 Nc6 13. Bf1 Kh8 14. Bh2 e5 15. dxe5 d4 16. Na4 fxe5 17. Bd3 Bf5 18. Re2 Qe7 19. b3 b5 20. Nb2 Rfe8 21. Bxf5 gxf5 22. a4 Qc5 23. axb5 axb5 24. Rxa8 Rxa8 25. Nd3 Ra1+ 26. Re1 Rxe1+ 27. Nfxe1 Qc3 28. Qxc3 dxc3 29. Kf1 Kg8 30. g4 f4 31. f3 Ng5 32. h4 Ne6 33. Kg2 Ned4 34. Kh3 Kf7 35. Bg1 Kf6 36. Nc5 Bf8 37. Ne4+ Kg6 38. h5+ Kf7 39. Nxc3 Bb4 40. Bxd4 Nxd4 41. Ne4 Bxe1 42. Kg2 b4 43. g5 Nxc2 44. Kh3 Nd4 45. Kg4 Nxb3 46. Nd6+ Kg7 47. Nc4 Nd4 48. Nxe5 b3 49. Nd3 Ne6 50. h6+ Kg8 51. Kf5 Nd4+ 52. Kxf4 Bd2+ 53. Kg4 Bc1 54. f4 b2 55. Nxb2 Bxb2 56. f5 Bc1 57. g6 Bxh6 58. gxh7+ Kxh7 59. f6 Kg6 60. Kg3 Kxf6 61. Kh2 Kf5 62. Kg2 Be3 63. Kh2 Kg4 64. Kg2 Nf3 65. Kh1 Ng5 66. Kg2 Bf4 67. Kg1 Kf3 68. Kh1 Ne4 69. Kg1 Bg3 70. Kh1 Nf2+ 71. Kg1 Bf4 72. Kf1 Bh2 73. Ke1 Ke3 74. Kf1 Ne4 75. Kg2 Bf4 76. Kh1 Kf3 77. Kg1 Bg3 78. Kh1 Nf2+ 79. Kg1 Be5 80. Kf1 Bh2 81. Ke1 Ne4 82. Kf1 Nd2+ 83. Ke1 Ke3 84. Kd1 Kd3 85. Ke1 Bg3+ 86. Kd1 Nc4 87. Kc1 Bh4 88. Kd1 Nb2+ 89. Kc1 Kc3 90. Kb1 Kb3 91. Kc1 Bg5+ 92. Kb1 Nc4 93. Ka1 Bh6 94. Kb1 Na3+ 95. Ka1 Bg7# 0-1

[Event "Maastricht Limburg op-C 5th"]
[Site "Maastricht"]
[Date "2011.06.11"]
[Round "2"]
[White "De Coninck, Erik"]
[Black "Lennartz, Ludwig"]
[Result "0-1"]
[WhiteElo "1154"]
[BlackElo "1626"]
[PlyCount "64"]
[EventDate "2011.06.10"]
[EventType "swiss"]
[EventRounds "7"]
[EventCountry "NED"]
[SourceTitle "EXT 2012"]
[Source "ChessBase"]
[SourceDate "2011.11.24"]
[SourceVersion "1"]
[SourceVersionDate "2011.11.24"]
[SourceQuality "1"]

1. d4 Nf6 2. Bf4 g6 3. e3 Bg7 4. Bd3 d6 5. Nf3 0-0 6. 0-0 c5 7. c3 Nc6 8. Nbd2 cxd4 9. exd4 Nh5 10. Bg3 Nxg3 11. hxg3 e5 12. dxe5 dxe5 13. Nc4 f5 14. Be2 Qc7 15. Qd6 Qxd6 16. Nxd6 Rd8 17. Bc4+ Kf8 18. Nf7 Rd7 19. N7g5 Bh6 20. Rad1 e4 21. Rxd7 Bxd7 22. Nxh7+ Kg7 23. Nfg5 Ne5 24. Bd5 Bc6 25. Bb3 Nd3 26. Bc2 Nxb2 27. Rb1 Nc4 28. Ba4 Bxa4 29. Rxb7+ Kh8 30. Rb4 Nb6 31. c4 Rc8 32. f4 Rxc4 0-1